[Event "4NCL Division 2a"]
[Site "Telford, ENG"]
[Date "2019.03.16"]
[Round "7.35"]
[White "Young, Daniel J"]
[Black "Cocks, Elliot"]
[Result "1/2-1/2"]
[WhiteElo "1981"]
[BlackElo "2080"]
[PlyCount "81"]
[EventDate "2019.03.16"]
[WhiteTeam "KJCA Kings"]
[BlackTeam "Anglian Avengers"]

1. e4 d6 2. d4 Nf6 3. Nc3 Nbd7 4. g4 h6 5. h3 e5 6. Nge2 c6 7. Bg2 Be7 8. a4
Qc7 9. O-O g5 10. Ng3 Nf8 11. Nf5 Ng6 12. b3 Bxf5 13. exf5 Nf4 14. Re1 O-O 15.
Ne4 Nxg2 16. Kxg2 Nxe4 17. Rxe4 Bf6 18. Bb2 Rfe8 19. Qe2 Re7 20. dxe5 Bxe5 21.
Bxe5 Rxe5 22. Rxe5 dxe5 23. Rd1 Re8 24. Qd2 Kg7 25. Qd7 Re7 26. Qxc7 Rxc7 27.
Kf3 f6 28. Ke4 Kf7 29. Rd8 Re7 30. Rh8 Kg7 31. Rd8 a6 32. Kd3 Kf7 33. Rc8 Re8
34. Rxe8 Kxe8 35. Kc4 Kd7 36. Kc5 Kc7 37. a5 Kd7 38. c3 Kc7 39. b4 Kd7 40. Kb6
Kc8 41. c4 1/2-1/2

[Event "4NCL Division 2a"]
[Site "Telford, ENG"]
[Date "2019.03.16"]
[Round "7.36"]
[White "Peck, Silas"]
[Black "Anilkumar, Anantha P"]
[Result "0-1"]
[WhiteElo "2065"]
[BlackElo "1906"]
[PlyCount "80"]
[EventDate "2019.03.16"]
[WhiteTeam "Anglian Avengers"]
[BlackTeam "KJCA Kings"]

1. e4 c5 2. Nf3 d6 3. d4 cxd4 4. Nxd4 Nf6 5. Nc3 g6 6. Be3 a6 7. f3 b5 8. Qd2
Bb7 9. a3 Nbd7 10. g4 Nb6 11. g5 Nfd7 12. h4 Bg7 13. h5 Qc7 14. h6 Bf8 15. b3
e5 16. Nde2 O-O-O 17. a4 b4 18. Na2 d5 19. a5 dxe4 20. fxe4 Na8 21. Nxb4 Nc5
22. Nd3 Nxe4 23. Qc1 Rxd3 24. cxd3 Bb4+ 25. Kd1 Nc3+ 26. Nxc3 Bxc3 27. Rh4 Bd5
28. Rb1 Bxa5 29. Qa3 Bf3+ 30. Be2 Bxe2+ 31. Kxe2 Qc2+ 32. Kf3 Qxb1 33. Rc4+ Kd7
34. Qa4+ Ke7 35. Bc5+ Kd8 36. Qxa5+ Nc7 37. Be7+ Ke8 38. Qc5 Qxd3+ 39. Qe3
Qxe3+ 40. Kxe3 Nd5+ 0-1

[Event "4NCL Division 2a"]
[Site "Telford, ENG"]
[Date "2019.03.16"]
[Round "7.37"]
[White "Yoon, Jacob D"]
[Black "Myall, Ivan J"]
[Result "1-0"]
[WhiteElo "1957"]
[BlackElo "2042"]
[PlyCount "97"]
[EventDate "2019.03.16"]
[WhiteTeam "KJCA Kings"]
[BlackTeam "Anglian Avengers"]

1. d4 Nf6 2. Nc3 d5 3. Bf4 Bf5 4. f3 e6 5. g4 Bg6 6. h4 h6 7. e3 c6 8. Bd3 Bxd3
9. Qxd3 Qb6 10. O-O-O Qa6 11. Qd2 Bb4 12. Kb1 Nbd7 13. Nge2 Nb6 14. Qd3 Qxd3
15. Rxd3 Kd7 16. a3 Bd6 17. Ka2 Nc4 18. b3 Bxf4 19. Nxf4 Nb6 20. Rdd1 Ke7 21.
g5 hxg5 22. hxg5 Nfd7 23. e4 Rxh1 24. Rxh1 g6 25. Rh7 Rg8 26. Nd3 Rc8 27. Ne2
Kf8 28. Rh8+ Kg7 29. Rxc8 Nxc8 30. c4 dxe4 31. fxe4 Nd6 32. Nc3 Kf8 33. c5 Nc8
34. b4 f6 35. gxf6 Nxf6 36. Kb3 g5 37. Kc4 g4 38. Nf4 Kf7 39. Kd3 Ne7 40. Ke3
Ng6 41. Nxg6 Kxg6 42. Kf4 Kh5 43. Ne2 Nd7 44. Kg3 e5 45. dxe5 Nxe5 46. Kf4 Nd3+
47. Kf5 a5 48. e5 axb4 49. e6 1-0

[Event "4NCL Division 2a"]
[Site "Telford, ENG"]
[Date "2019.03.16"]
[Round "7.38"]
[White "Wallis, Ian J"]
[Black "Bansal, Saahil"]
[Result "1/2-1/2"]
[WhiteElo "2046"]
[BlackElo "1802"]
[PlyCount "42"]
[EventDate "2019.03.16"]
[WhiteTeam "Anglian Avengers"]
[BlackTeam "KJCA Kings"]

1. e4 e6 2. d4 d5 3. Nd2 c5 4. Ngf3 Nc6 5. exd5 Qxd5 6. Bc4 Qd7 7. O-O cxd4 8.
Nb3 Nf6 9. Nbxd4 Nxd4 10. Nxd4 a6 11. Re1 Be7 12. Bf4 O-O 13. Qd3 b5 14. Bb3
Bb7 15. Rad1 Rfd8 16. Qe2 Bd5 17. Bg5 Qb7 18. f3 h6 19. Bh4 Ne8 20. Bf2 Bf6 21.
c3 Nc7 1/2-1/2

[Event "4NCL Division 2a"]
[Site "Telford, ENG"]
[Date "2019.03.16"]
[Round "7.41"]
[White "Pitcher, John"]
[Black "Polaczek, Richard"]
[Result "0-1"]
[WhiteElo "2260"]
[BlackElo "2380"]
[PlyCount "82"]
[EventDate "2019.03.16"]
[WhiteTeam "Warwickshire Select 1"]
[BlackTeam "Manchester Manticores 1"]

1. e4 e6 2. d4 d5 3. Bd3 Nf6 4. e5 Nfd7 5. f4 c5 6. c3 Nc6 7. Nf3 Qb6 8. Bc2 f6
9. a3 Be7 10. O-O O-O 11. Kh1 f5 12. b3 a5 13. Be3 Ndb8 14. Nbd2 Na6 15. Qe2
Bd7 16. Qf2 Rac8 17. dxc5 Bxc5 18. Nd4 Nxd4 19. cxd4 Be7 20. Bd3 Rc3 21. Be2
Bb5 22. Rfe1 Nc7 23. a4 Bxe2 24. Qxe2 Na6 25. Rac1 Qb4 26. Bf2 Rfc8 27. Rxc3
Qxc3 28. Qb5 Qc2 29. Rg1 Qxd2 30. Qxb7 Rc7 31. Qxa6 Kf7 32. Qb6 Rc2 33. Be1
Qxf4 34. Bxa5 Qe3 35. h3 f4 36. Qb5 f3 37. Qf1 f2 38. Be1 Qxe1 39. Qxe1 fxe1=Q
40. Rxe1 Rd2 41. a5 Ra2 0-1

[Event "4NCL Division 2a"]
[Site "Telford, ENG"]
[Date "2019.03.16"]
[Round "7.42"]
[White "Peacock, Malcolm R"]
[Black "Brooks, Phil J"]
[Result "0-1"]
[WhiteElo "2087"]
[BlackElo "2181"]
[PlyCount "80"]
[EventDate "2019.03.16"]
[WhiteTeam "Manchester Manticores 1"]
[BlackTeam "Warwickshire Select 1"]

1. c4 e6 2. g3 d5 3. Bg2 dxc4 4. Nf3 Nd7 5. O-O Nb6 6. Qc2 Nf6 7. Na3 Bxa3 8.
bxa3 Bd7 9. Ne5 Ba4 10. Qc3 Nfd5 11. Qf3 O-O 12. e4 Ne7 13. Qc3 Bb5 14. Bb2 f6
15. Ng4 Nc6 16. Rfc1 Qd3 17. Qxd3 cxd3 18. Bf1 Rad8 19. f3 Rf7 20. Rab1 Ba6 21.
Ne3 Rfd7 22. Kf2 Kf7 23. Bc3 Na4 24. Bb4 Nxb4 25. axb4 c6 26. Nc4 e5 27. Rb3
Bb5 28. Ke3 Rd4 29. Ra3 Bxc4 30. Rxa4 a6 31. Ra3 Bb5 32. Rb3 Ke7 33. Rcc3 Ba4
34. Rb2 Bc2 35. a3 g6 36. Rc5 Ke6 37. f4 exf4+ 38. gxf4 f5 39. Bh3 Rxe4+ 40.
Kf3 Rdd4 0-1

[Event "4NCL Division 2a"]
[Site "Telford, ENG"]
[Date "2019.03.16"]
[Round "7.43"]
[White "Hanley, James L"]
[Black "Whitehead, Mark A"]
[Result "1-0"]
[WhiteElo "2186"]
[BlackElo "1945"]
[PlyCount "100"]
[EventDate "2019.03.16"]
[WhiteTeam "Warwickshire Select 1"]
[BlackTeam "Manchester Manticores 1"]

1. e4 c5 2. Nf3 e6 3. c3 d5 4. e5 Nc6 5. d4 Bd7 6. a3 c4 7. g3 b5 8. Bg5 Nge7
9. h4 h6 10. Bf4 Nc8 11. Nbd2 Nb6 12. Be2 a5 13. O-O Be7 14. h5 Qc7 15. Qc1 a4
16. Qc2 Na5 17. Rae1 O-O-O 18. Kg2 Rdg8 19. Rh1 Qd8 20. Be3 Nb3 21. Nb1 Kb7 22.
Nh2 Nc8 23. Ng4 f5 24. exf6 Bxf6 25. Bf4 Ne7 26. Bd1 Nc6 27. Be5 Qe7 28. Nd2
Qf7 29. Nf3 Rf8 30. Bd6 Re8 31. Nge5 Nxe5 32. Nxe5 Bxe5 33. Rxe5 Na5 34. Rh4
Bc8 35. Re3 Nc6 36. Qe2 Qd7 37. Bc5 Ne7 38. Bxe7 Rxe7 39. Bc2 Rf8 40. Bg6 Qd6
41. Re5 Rf6 42. f4 Bd7 43. Rh1 Be8 44. Bxe8 Rxe8 45. f5 Kc7 46. Re1 Kd7 47. Qg4
Re7 48. Rxe6 Rexe6 49. fxe6+ Kc6 50. Re5 Qd8 1-0

[Event "4NCL Division 2a"]
[Site "Telford, ENG"]
[Date "2019.03.16"]
[Round "7.44"]
[White "Mazek, Marek"]
[Black "Shephard, Chris C W"]
[Result "0-1"]
[WhiteElo "2117"]
[BlackElo "2176"]
[PlyCount "100"]
[EventDate "2019.03.16"]
[WhiteTeam "Manchester Manticores 1"]
[BlackTeam "Warwickshire Select 1"]

1. d4 Nf6 2. c4 c5 3. d5 e5 4. Nc3 d6 5. e4 g6 6. h3 Bg7 7. g3 a6 8. a4 Nbd7 9.
Bg2 O-O 10. Nge2 Ne8 11. O-O Rb8 12. Qd3 f5 13. f4 exf4 14. Nxf4 Bd4+ 15. Kh2
Ne5 16. Qe2 Ng7 17. exf5 Bxf5 18. Ne4 g5 19. Nd3 g4 20. h4 Nf3+ 21. Rxf3 gxf3
22. Bxf3 Qd7 23. Bf4 Rbe8 24. Re1 Rf7 25. g4 Bxe4 26. Bxe4 Rfe7 27. Qf3 Qxa4
28. h5 Qxc4 29. h6 Rxe4 30. Rxe4 Rxe4 31. hxg7 Rxf4 32. Nxf4 Be5 33. Kg3 Qxf4+
34. Qxf4 Bxf4+ 35. Kxf4 Kxg7 36. Kf5 Kf7 37. Kg5 a5 38. Kh6 Kg8 39. g5 b5 40.
g6 hxg6 41. Kxg6 c4 42. Kf6 a4 43. Kf5 a3 44. bxa3 Kf8 45. Ke6 Ke8 46. Kxd6 Kd8
47. Kc5 c3 48. Kb6 Kc8 49. d6 c2 50. d7+ Kxd7 0-1

[Event "4NCL Division 2a"]
[Site "Telford, ENG"]
[Date "2019.03.16"]
[Round "7.45"]
[White "Mason, Donald J"]
[Black "Rahulan, Thivyaa"]
[Result "1-0"]
[WhiteElo "2062"]
[BlackElo "1975"]
[PlyCount "45"]
[EventDate "2019.03.16"]
[WhiteTeam "Warwickshire Select 1"]
[BlackTeam "Manchester Manticores 1"]

1. e4 e6 2. d4 d5 3. Nd2 Nf6 4. Bd3 c5 5. c3 Nc6 6. Ngf3 cxd4 7. cxd4 dxe4 8.
Nxe4 Bb4+ 9. Nc3 O-O 10. O-O b6 11. a3 Be7 12. Re1 Bb7 13. Bc2 Rc8 14. Qd3 Qd7
15. d5 Nd8 16. Bg5 g6 17. d6 Qxd6 18. Qxd6 Bxd6 19. Bxf6 Re8 20. Rad1 Be7 21.
Ba4 Bc6 22. Bxe7 Bxa4 23. Rxd8 1-0

[Event "4NCL Division 2a"]
[Site "Telford, ENG"]
[Date "2019.03.16"]
[Round "7.46"]
[White "Niedbal, Piotr"]
[Black "Galloway, Iain A"]
[Result "0-1"]
[WhiteElo "2020"]
[BlackElo "2087"]
[PlyCount "80"]
[EventDate "2019.03.16"]
[WhiteTeam "Manchester Manticores 1"]
[BlackTeam "Warwickshire Select 1"]

1. e4 c5 2. Nf3 d6 3. d4 cxd4 4. Nxd4 Nf6 5. Nc3 g6 6. Be3 Bg7 7. f3 O-O 8. Qd2
Nc6 9. O-O-O d5 10. Nxc6 bxc6 11. exd5 Nxd5 12. Nxd5 cxd5 13. Qxd5 Qc7 14. Qc5
Qb7 15. b3 Bf5 16. Qb5 Qc7 17. Qc5 Qxc5 18. Bxc5 Rfc8 19. b4 a5 20. g4 Bxc2 21.
Kxc2 axb4 22. Kb3 Rxc5 23. Kxb4 Rc3 24. Rd3 Rb8+ 25. Ka4 Rc4+ 26. Ka5 Bc3+ 27.
Rxc3 Rxc3 28. a4 Rc1 29. Bg2 Rc5+ 30. Ka6 Ra8+ 31. Kb6 Rca5 32. Re1 R8a6+ 33.
Kc7 Rxa4 34. Bf1 Ra1 35. Rxa1 Rxa1 36. Bd3 Rh1 37. Be4 Rxh2 38. Kd7 e6 39. Ke7
Kg7 40. f4 Rf2 0-1

[Event "4NCL Division 2a"]
[Site "Telford, ENG"]
[Date "2019.03.16"]
[Round "7.47"]
[White "Page, Mark E"]
[Black "Newton, Robert A"]
[Result "1-0"]
[WhiteElo "2111"]
[BlackElo "2035"]
[PlyCount "81"]
[EventDate "2019.03.16"]
[WhiteTeam "Warwickshire Select 1"]
[BlackTeam "Manchester Manticores 1"]

1. e4 c5 2. Nf3 a6 3. c4 g6 4. Nc3 Bg7 5. d4 cxd4 6. Nxd4 d6 7. Be2 h5 8. Be3
Nf6 9. h3 Nc6 10. Qd2 Bd7 11. O-O Rc8 12. Rac1 O-O 13. Rfd1 Kh7 14. Nf3 Qa5 15.
c5 Rcd8 16. cxd6 exd6 17. a3 Bc8 18. b4 Qxa3 19. Ng5+ Kg8 20. Ra1 Qxb4 21. Rdb1
Qxb1+ 22. Rxb1 b5 23. Nd5 Rfe8 24. Bb6 Rd7 25. Rc1 Bb7 26. Nxf6+ Bxf6 27. h4
Kg7 28. f4 Bd8 29. Bf2 f6 30. Nf3 Rxe4 31. Bd3 Ba5 32. Qa2 Ra4 33. Qe6 Re7 34.
Qxd6 Bc7 35. Qxe7+ Nxe7 36. Rxc7 Bxf3 37. Rxe7+ Kf8 38. Bc5 Bg4 39. Bxg6 Rc4
40. Rc7+ Kg8 41. Bf7+ 1-0

[Event "4NCL Division 2a"]
[Site "Telford, ENG"]
[Date "2019.03.16"]
[Round "7.48"]
[White "Mulleady, Peter J"]
[Black "Sandhu, Manvith"]
[Result "1-0"]
[WhiteElo "1990"]
[BlackElo "1742"]
[PlyCount "159"]
[EventDate "2019.03.16"]
[WhiteTeam "Manchester Manticores 1"]
[BlackTeam "Warwickshire Select 1"]

1. c4 c6 2. Nc3 Nf6 3. g3 d5 4. d4 e6 5. Bg2 Nbd7 6. Nf3 Be7 7. O-O O-O 8. Re1
b6 9. cxd5 exd5 10. Bf4 Bb7 11. Rc1 c5 12. Nb5 Bc6 13. Bc7 Qc8 14. Bd6 Bxd6 15.
Nxd6 Qc7 16. Nf5 Rfe8 17. e3 Ne4 18. Nd2 Nd6 19. Nxd6 Qxd6 20. dxc5 bxc5 21.
Nc4 Qe6 22. Na5 Rab8 23. Nxc6 Qxc6 24. Bxd5 Qf6 25. b3 Red8 26. e4 Ne5 27. f4
Nd7 28. Qe2 Qd4+ 29. Qe3 Qb4 30. Qc3 Qb6 31. Qc4 Qf6 32. Rcd1 Rb4 33. Qc2 Rd4
34. e5 Qb6 35. Rxd4 cxd4 36. Qc4 d3+ 37. Kg2 Qg6 38. Bxf7+ Qxf7 39. Qxf7+ Kxf7
40. e6+ Kf6 41. exd7 Rxd7 42. Rd1 Re7 43. Rxd3 Re2+ 44. Kf3 Rxa2 45. h4 Ra3 46.
Ke4 Ke6 47. f5+ Kf6 48. g4 h6 49. Rc3 a5 50. Rc6+ Ke7 51. Rb6 a4 52. Re6+ Kf7
53. bxa4 Rxa4+ 54. Kf3 h5 55. g5 Rxh4 56. Ra6 Rb4 57. g6+ Kf8 58. Ra8+ Ke7 59.
Rg8 Kf6 60. Rf8+ Ke7 61. Rf7+ Ke8 62. Rxg7 h4 63. f6 Rb3+ 64. Ke4 Rg3 65. Kf5
Rf3+ 66. Ke5 Kf8 67. Rh7 Rf1 68. Rxh4 Kg8 69. Rf4 Re1+ 70. Kf5 Ra1 71. Rb4 Ra8
72. Re4 Ra5+ 73. Re5 Ra8 74. Re8+ Rxe8 75. f7+ Kf8 76. fxe8=Q+ Kxe8 77. Ke6 Kf8
78. Kf6 Kg8 79. g7 Kh7 80. Kf7 1-0

[Event "4NCL Division 2b"]
[Site "Daventry, ENG"]
[Date "2018.11.10"]
[Round "1.51"]
[White "Navarro Cia, Miguel"]
[Black "Dong, Bao Nghia"]
[Result "0-1"]
[WhiteElo "2257"]
[BlackElo "2144"]
[PlyCount "78"]
[EventDate "2018.11.10"]
[WhiteTeam "Barbican 4NCL 2"]
[BlackTeam "Grantham Sharks 2"]

1. d4 Nf6 2. Bg5 c5 3. Nc3 cxd4 4. Qxd4 Nc6 5. Qh4 b5 6. e4 Qa5 7. O-O-O b4 8.
Nd5 Nxd5 9. exd5 Ne5 10. Qe4 d6 11. Kb1 g6 12. f4 Bf5 13. Qd4 Rc8 14. Bd3 Nxd3
15. cxd3 Rg8 16. Nf3 Qc5 17. Rc1 Qxd4 18. Rxc8+ Bxc8 19. Nxd4 Bb7 20. Nc6 h6
21. Bh4 g5 22. fxg5 hxg5 23. Bf2 Kd7 24. Rc1 Bg7 25. Bxa7 b3 26. Nb8+ Rxb8 27.
Bxb8 bxa2+ 28. Kxa2 Bxd5+ 29. Ka3 g4 30. g3 Bd4 31. Rc7+ Kd8 32. b4 f5 33. b5
e5 34. Rh7 Bc5+ 35. Kb2 f4 36. Ba7 f3 37. Bxc5 dxc5 38. Rh5 f2 39. Rf5 Bf3 0-1

[Event "4NCL Division 2b"]
[Site "Daventry, ENG"]
[Date "2018.11.10"]
[Round "1.52"]
[White "Munshi, Aditya"]
[Black "Brett, Andrew R"]
[Result "1-0"]
[WhiteElo "2117"]
[BlackElo "2112"]
[PlyCount "57"]
[EventDate "2018.11.10"]
[WhiteTeam "Grantham Sharks 2"]
[BlackTeam "Barbican 4NCL 2"]

1. e4 e5 2. Nf3 Nc6 3. Bc4 Bc5 4. c3 Nf6 5. d3 O-O 6. O-O d5 7. exd5 Nxd5 8. a4
Bf5 9. Nbd2 Nb6 10. Bb5 Bxd3 11. Re1 Bxb5 12. axb5 Ne7 13. Nxe5 f6 14. Nef3 Ng6
15. b4 Be7 16. Qb3+ Kh8 17. c4 c6 18. bxc6 bxc6 19. Bb2 Qc8 20. h4 h5 21. Ra5
c5 22. bxc5 Bxc5 23. Ne4 Nd7 24. Nxc5 Nxc5 25. Qe3 Nb7 26. Rxh5+ Kg8 27. Qe4 f5
28. Qd5+ Rf7 29. Ng5 1-0

[Event "4NCL Division 2b"]
[Site "Daventry, ENG"]
[Date "2018.11.10"]
[Round "1.53"]
[White "Moss, Guy"]
[Black "Birtwistle, Nigel"]
[Result "1-0"]
[WhiteElo "2166"]
[BlackElo "2148"]
[PlyCount "105"]
[EventDate "2018.11.10"]
[WhiteTeam "Barbican 4NCL 2"]
[BlackTeam "Grantham Sharks 2"]

1. e4 c5 2. Nf3 g6 3. d4 Bg7 4. Nc3 cxd4 5. Nxd4 Nc6 6. Be3 Nf6 7. Be2 O-O 8.
O-O d5 9. exd5 Nxd5 10. Nxd5 Qxd5 11. Bf3 Qa5 12. Nxc6 bxc6 13. c3 Rb8 14. Qc1
c5 15. Re1 Bb7 16. Bf4 Bxf3 17. Bxb8 Rxb8 18. gxf3 e6 19. Rd1 Qc7 20. Rb1 Be5
21. Qh6 Bf4 22. Qh4 Kg7 23. c4 g5 24. Qh5 Rb6 25. Kg2 Ra6 26. a3 e5 27. Qg4 Rh6
28. h3 Re6 29. Qf5 h5 30. Rd5 Qb6 31. Rd7 Rf6 32. Qe4 Qe6 33. Rd8 g4 34. fxg4
hxg4 35. h4 g3 36. Qa8 gxf2 37. Rg8+ Kh7 38. Rh8+ Kg6 39. Rg8+ Kf5 40. Kxf2
Qxc4 41. Rd1 Qc2+ 42. Ke1 Qh2 43. Qf3 Qxh4+ 44. Ke2 c4 45. Rh1 e4 46. Qf1 Qxh1
47. Qxh1 Rh6 48. Qg1 Rh2+ 49. Kf1 e3 50. Qg4+ Ke4 51. Re8+ Kd3 52. Rd8+ Ke4 53.
Rd4+ 1-0

[Event "4NCL Division 2b"]
[Site "Daventry, ENG"]
[Date "2018.11.10"]
[Round "1.54"]
[White "Cumbers, Paul"]
[Black "French, Max"]
[Result "0-1"]
[WhiteElo "2157"]
[BlackElo "2086"]
[PlyCount "70"]
[EventDate "2018.11.10"]
[WhiteTeam "Grantham Sharks 2"]
[BlackTeam "Barbican 4NCL 2"]

1. e4 c6 2. d4 d5 3. e5 c5 4. dxc5 e6 5. a3 Nc6 6. Nf3 Bxc5 7. b4 Bb6 8. Bb2
Nge7 9. Bd3 Ng6 10. O-O O-O 11. Re1 f6 12. exf6 gxf6 13. Bxg6 hxg6 14. Qd3 Ne7
15. c4 e5 16. cxd5 Qxd5 17. Qe2 Bg4 18. Nc3 Qb3 19. Rab1 Rac8 20. Ba1 Qxa3 21.
Nb5 Qa4 22. Rbc1 Bxf3 23. gxf3 Qxb4 24. Qa2+ Kg7 25. Rb1 Qc4 26. Qa3 Qc5 27.
Qa2 Nd5 28. Rbd1 Rfd8 29. Rxe5 fxe5 30. Bxe5+ Nf6 31. Re1 Rc6 32. Bd6 Rcxd6 33.
Re7+ Kh6 34. Nxd6 Rxd6 35. Rh7+ Nxh7 0-1

[Event "4NCL Division 2b"]
[Site "Daventry, ENG"]
[Date "2018.11.10"]
[Round "1.55"]
[White "Coleman, David J"]
[Black "Varnam, Liam D"]
[Result "0-1"]
[WhiteElo "2065"]
[BlackElo "2096"]
[PlyCount "58"]
[EventDate "2018.11.10"]
[WhiteTeam "Barbican 4NCL 2"]
[BlackTeam "Grantham Sharks 2"]

1. e4 c5 2. a3 g6 3. b4 Bg7 4. Nc3 d6 5. g3 Nc6 6. Bg2 Nf6 7. Nge2 h5 8. h3 e5
9. d3 Nd4 10. Nxd4 cxd4 11. Ne2 Be6 12. f4 Qd7 13. c3 dxc3 14. Nxc3 exf4 15.
Bxf4 h4 16. g4 Nxg4 17. d4 Nh6 18. Qd2 Bc4 19. a4 f5 20. Rc1 Rc8 21. Bf3 Kf7
22. Qf2 Rhe8 23. Kd2 fxe4 24. Nxe4 Qxa4 25. Bxd6 Nf5 26. Bh5 Bh6+ 27. Bf4 Rxe4
28. Bxh6 Qxb4+ 29. Rc3 Rxd4+ 0-1

[Event "4NCL Division 2b"]
[Site "Daventry, ENG"]
[Date "2018.11.10"]
[Round "1.56"]
[White "Willis, Rupert"]
[Black "Bhatia, Kanwal K"]
[Result "1-0"]
[WhiteElo "2121"]
[BlackElo "2047"]
[PlyCount "91"]
[EventDate "2018.11.10"]
[WhiteTeam "Grantham Sharks 2"]
[BlackTeam "Barbican 4NCL 2"]

1. c4 e5 2. g3 Nf6 3. Bg2 d5 4. cxd5 Nxd5 5. Nc3 Nb6 6. Nf3 Nc6 7. O-O Be7 8.
Rb1 a5 9. d3 O-O 10. Be3 Re8 11. d4 Nc4 12. d5 Nb4 13. Bc1 Bf8 14. e4 Na6 15.
Qe2 Nd6 16. Be3 b6 17. Rfd1 Nb8 18. b3 Ba6 19. Qc2 Nd7 20. Rbc1 Rc8 21. Bh3 h6
22. Na4 Qf6 23. Nd2 Red8 24. Bf1 Bb7 25. Qd3 Qg6 26. Nc3 Nf6 27. f3 h5 28. Bg2
Ra8 29. Nf1 h4 30. g4 Ba6 31. Qd2 Nh7 32. h3 Be7 33. f4 exf4 34. Bxf4 Bg5 35.
e5 Nb7 36. Ne4 Bxf4 37. Qxf4 Rd7 38. Ne3 Rad8 39. Kh2 Nf8 40. Rc6 Qh7 41. Ng5
Ng6 42. Qf5 Qh6 43. e6 fxe6 44. Rxe6 Rd6 45. Qf7+ Kh8 46. Re8+ 1-0

[Event "4NCL Division 2b"]
[Site "Daventry, ENG"]
[Date "2018.11.10"]
[Round "1.57"]
[White "Harari, Zaki"]
[Black "Milson, Samuel A"]
[Result "0-1"]
[WhiteElo "2033"]
[BlackElo "2103"]
[PlyCount "100"]
[EventDate "2018.11.10"]
[WhiteTeam "Barbican 4NCL 2"]
[BlackTeam "Grantham Sharks 2"]

1. e4 e6 2. d4 d5 3. e5 c5 4. c3 Qb6 5. a3 Nc6 6. Nf3 Nh6 7. b4 cxd4 8. cxd4
Nf5 9. Be3 h5 10. Bd3 Bd7 11. O-O Be7 12. Nc3 Nxe3 13. fxe3 g5 14. Na4 Qd8 15.
Nc5 Bc8 16. Rc1 g4 17. Ne1 Bg5 18. Qe2 Nxd4 19. exd4 Bxc1 20. Bb5+ Kf8 21. Ned3
Bg5 22. Qf2 Qe7 23. Nf4 Kg7 24. Bd3 b6 25. Nb3 Bd7 26. Nc1 Rac8 27. Nce2 Be8
28. Ng3 f5 29. Bxf5 Bf7 30. Bb1 Qe8 31. h4 Be7 32. Nge2 Rf8 33. g3 a5 34. Qe3
axb4 35. axb4 Rh8 36. Qd3 b5 37. Qd2 Rc4 38. Nd3 Bg6 39. Nef4 Bf5 40. Nc5 Bxc5
41. bxc5 Bxb1 42. Rxb1 Rf8 43. Qa5 Rxd4 44. Rxb5 Rfxf4 45. gxf4 Rd1+ 46. Kg2
Qg6 47. Rb7+ Kh6 48. Qc3 Qe4+ 49. Kf2 Qxf4+ 50. Ke2 Qf1+ 0-1

[Event "4NCL Division 2b"]
[Site "Daventry, ENG"]
[Date "2018.11.10"]
[Round "1.58"]
[White "Murphy, Hugh W"]
[Black "Golding, William"]
[Result "1-0"]
[WhiteElo "2119"]
[BlackElo "1667"]
[PlyCount "49"]
[EventDate "2018.11.10"]
[WhiteTeam "Grantham Sharks 2"]
[BlackTeam "Barbican 4NCL 2"]

1. d4 Nf6 2. Nf3 e6 3. e3 d5 4. Bd3 c5 5. b3 Nc6 6. O-O Be7 7. Bb2 O-O 8. Nbd2
cxd4 9. exd4 Bd7 10. Ne5 Rc8 11. a3 Qc7 12. Re1 Rfd8 13. Re3 Bd6 14. Qe2 Bxe5
15. dxe5 d4 16. exf6 dxe3 17. Bxh7+ Kf8 18. fxg7+ Ke7 19. Qxe3 e5 20. Ne4 f6
21. Qh6 Be6 22. Qxf6+ Kd7 23. Nc5+ Kd6 24. Ne4+ Kd5 25. c4# 1-0

[Event "4NCL Division 2b"]
[Site "Daventry, ENG"]
[Date "2018.11.10"]
[Round "1.61"]
[White "Grieve, Harry"]
[Black "Bisby, Daniel L"]
[Result "1/2-1/2"]
[WhiteElo "2262"]
[BlackElo "2330"]
[PlyCount "46"]
[EventDate "2018.11.10"]
[WhiteTeam "Guildford 3"]
[BlackTeam "Cambridge University 1"]

1. d4 g6 2. h4 Nf6 3. Nc3 Nc6 4. Nf3 d5 5. Bf4 Bf5 6. Ne5 Nxe5 7. Bxe5 Bg7 8.
h5 O-O 9. e3 c5 10. Be2 Qd7 11. Bf3 Rac8 12. dxc5 Rxc5 13. hxg6 hxg6 14. Qd4
Rc4 15. Qxa7 Rfc8 16. Be2 R4c5 17. f3 Ne8 18. Bxg7 Nxg7 19. g4 Bxc2 20. Rc1 Ba4
21. Rb1 Bc2 22. Rc1 Ba4 23. Rb1 Bc2 1/2-1/2

[Event "4NCL Division 2b"]
[Site "Daventry, ENG"]
[Date "2018.11.10"]
[Round "1.62"]
[White "Hill, Alistair"]
[Black "Kalaiyalahan, Akshaya"]
[Result "1-0"]
[WhiteElo "2204"]
[BlackElo "2248"]
[PlyCount "113"]
[EventDate "2018.11.10"]
[WhiteTeam "Cambridge University 1"]
[BlackTeam "Guildford 3"]

1. e4 c5 2. Nf3 Nc6 3. d4 cxd4 4. Nxd4 g6 5. c4 Bg7 6. Be3 Nf6 7. Nc3 d6 8. Be2
O-O 9. O-O Bd7 10. a3 Nxd4 11. Bxd4 Bc6 12. Qd3 Nd7 13. b4 Bxd4 14. Qxd4 b6 15.
f4 Re8 16. Rad1 Qc7 17. h4 Rad8 18. Nd5 Qb8 19. h5 e5 20. fxe5 Bxd5 21. Qxd5
Nxe5 22. hxg6 hxg6 23. Rf6 Qc8 24. Rdf1 Qc7 25. Rd1 Qc8 26. Rc1 Re6 27. Rf4 Qc6
28. Qd2 f6 29. Qd5 Qxd5 30. cxd5 Re7 31. Rxf6 Kg7 32. Rf2 Rh8 33. Rc3 Rh4 34.
Bf3 g5 35. Rfc2 Rf4 36. Rc7 Rff7 37. Rxe7 Nxf3+ 38. gxf3 Rxe7 39. Rc6 Rd7 40.
Kf2 Kf6 41. Ke3 Ke5 42. Rc8 Kf6 43. Kd4 Kg6 44. Rc6 Kh5 45. e5 dxe5+ 46. Kxe5
Re7+ 47. Re6 Rf7 48. Rf6 Re7+ 49. Kd4 Re1 50. d6 Rd1+ 51. Ke5 Rd3 52. a4 a5 53.
b5 Rd2 54. Ke6 Re2+ 55. Kf7 Rd2 56. Ke7 Re2+ 57. Re6 1-0

[Event "4NCL Division 2b"]
[Site "Daventry, ENG"]
[Date "2018.11.10"]
[Round "1.63"]
[White "Osborne, Marcus E"]
[Black "Beckett, Chris J"]
[Result "1/2-1/2"]
[WhiteElo "2124"]
[BlackElo "2171"]
[PlyCount "83"]
[EventDate "2018.11.10"]
[WhiteTeam "Guildford 3"]
[BlackTeam "Cambridge University 1"]

1. d4 Nf6 2. Bg5 b6 3. Nf3 Bb7 4. Nbd2 e6 5. e4 h6 6. Bxf6 Qxf6 7. c3 g6 8. e5
Qe7 9. Bd3 Bg7 10. Qe2 d6 11. Be4 d5 12. Bd3 a5 13. O-O O-O 14. Rfc1 Rd8 15.
Nf1 Na6 16. h4 c5 17. h5 g5 18. N1h2 cxd4 19. cxd4 Nb4 20. Bb5 Rdc8 21. a3 Nc6
22. Ng4 Qd8 23. Rc3 Ne7 24. Ne3 Rxc3 25. bxc3 Qc8 26. Qd2 Ba6 27. Ba4 Qc7 28.
Bc2 Rc8 29. Rc1 Kf8 30. Bd3 Bxd3 31. Qxd3 Qc6 32. c4 dxc4 33. Rxc4 Qd7 34.
Rxc8+ Qxc8 35. Nc4 Nd5 36. a4 Qc6 37. Qb3 Nb4 38. Kh2 Kg8 39. Nfd2 Qd5 40. Qc3
Qc6 41. Qb3 Qd5 42. Qc3 1/2-1/2

[Event "4NCL Division 2b"]
[Site "Daventry, ENG"]
[Date "2018.11.10"]
[Round "1.64"]
[White "Spencer, Carl J"]
[Black "Chavannes, Ivar"]
[Result "1-0"]
[WhiteElo "2145"]
[BlackElo "2110"]
[PlyCount "113"]
[EventDate "2018.11.10"]
[WhiteTeam "Cambridge University 1"]
[BlackTeam "Guildford 3"]

1. e4 c5 2. Nf3 d6 3. Bb5+ Nd7 4. a4 Ngf6 5. Nc3 g6 6. O-O a6 7. Be2 Bg7 8. a5
O-O 9. h3 Qc7 10. d3 Nb8 11. Nd2 Nc6 12. Nc4 Be6 13. Nb6 Rab8 14. Bd2 Qd8 15.
Ncd5 Bxd5 16. exd5 Nd4 17. c3 Nxe2+ 18. Qxe2 Nd7 19. Nc4 b5 20. axb6 Nxb6 21.
Na5 Qd7 22. c4 Bxb2 23. Ra2 Bf6 24. Nc6 Ra8 25. Rb1 Nc8 26. Qg4 Qxg4 27. hxg4
e6 28. g5 Bg7 29. Rb7 exd5 30. cxd5 Re8 31. Bf4 Bf8 32. Kf1 c4 33. dxc4 Re4 34.
g3 Rxc4 35. Be3 Bg7 36. Rd7 Be5 37. f4 Re4 38. Kf2 Bc3 39. Rd8+ Kg7 40. Rc2 Ba1
41. Ra2 Bc3 42. Kf3 Rc4 43. Ke2 Bb4 44. Bd4+ Rxd4 45. Nxd4 h6 46. Nc6 Bc5 47.
gxh6+ Kxh6 48. Kd3 Nb6 49. Rxa8 Nxa8 50. Nd4 Nc7 51. Kc4 f5 52. Ne6 Nxe6 53.
dxe6 Kg7 54. Kd5 Kf6 55. Rxa6 Bf2 56. Kxd6 Bxg3 57. Kd7 1-0

[Event "4NCL Division 2b"]
[Site "Daventry, ENG"]
[Date "2018.11.10"]
[Round "1.65"]
[White "Punnett, Alan K"]
[Black "Robertson, J Stuart"]
[Result "1/2-1/2"]
[WhiteElo "1989"]
[BlackElo "2115"]
[PlyCount "81"]
[EventDate "2018.11.10"]
[WhiteTeam "Guildford 3"]
[BlackTeam "Cambridge University 1"]

1. e4 c5 2. Nc3 Nc6 3. f4 g6 4. Nf3 Bg7 5. a3 a6 6. g3 d6 7. Bg2 e5 8. O-O Nge7
9. Rb1 O-O 10. b4 exf4 11. gxf4 cxb4 12. axb4 f5 13. Qe1 fxe4 14. Nxe4 Rxf4 15.
Neg5 Nd4 16. Nxd4 Bxd4+ 17. Kh1 Rxf1+ 18. Qxf1 Nf5 19. Qc4+ d5 20. Qxd5+ Qxd5
21. Bxd5+ Kg7 22. c3 Bf6 23. Ne4 Be7 24. d4 Ra7 25. Bf4 b6 26. Kg1 Bd8 27. Be5+
Kh6 28. Nf6 g5 29. Be4 Bc7 30. Rf1 Bxe5 31. Ng4+ Kg7 32. Nxe5 Nd6 33. Bd5 b5
34. Nd3 a5 35. bxa5 Rxa5 36. Ne5 Ra7 37. c4 bxc4 38. Nxc4 Nxc4 39. Bxc4 Rd7 40.
Be6 Rd8 41. Bxc8 1/2-1/2